| 000 | 00926nam a22002417a 4500 | ||
|---|---|---|---|
| 999 |
_c16742 _d16742 |
||
| 003 | AR-CdUCM | ||
| 008 | 190506b ||||| |||| 00| 0 spa d | ||
| 040 |
_aMUNICIPALIDAD PROVINCIAL DEL CUSCO _cBIBLIOTECA MUNICIPAL DEL CUSCO |
||
| 041 | _hfre | ||
| 082 |
_a521.8 / _bC85 |
||
| 100 |
_aCouderc, Paúl _936361 |
||
| 245 | _aLos eclipses / | ||
| 260 |
_aBuenos Aires : _bEUDEBA, _c1963. |
||
| 300 |
_a63 páginas ; _bfiguras, ilustraciones, tablas, _c25 cm. |
||
| 440 |
_aCuadernos de EUDEBA. _n89 _936362 |
||
| 505 | _aContenido: Nociones y descripciones preliminares -- Mecanismo y circunstancias de los eclipses -- Perioricidad de los eclipses --Series largas de eclipses -- Interés científico de los eclipses ... | ||
| 650 |
_aEclipses _936363 |
||
| 650 |
_aFísica _92382 |
||
| 650 |
_aAstronomía _920572 |
||
| 700 |
_aCamponovo, Ambrosio (traducción) _936364 |
||
| 942 |
_2ddc _cLIBROS |
||
| 945 |
_aachl _d2019-05-06 |
||